Statistics for Bond Villains by Picture

Click here to take the quiz!

General Stats

  • This quiz has been taken 16 times
  • The average score is 7 of 16

Answer Stats

Answer% Correct
Auric Goldfinger
100%
Dr Julius No
86%
Ernst Stavro Blofeld
86%
Le Chiffre
64%
Francisco Scaramanga
57%
Hugo Drax
50%
Dr Kananga/Mr Big
36%
Max Zorin
36%
Alec Trevelyan
29%
Emilio Largo
29%
Gustav Graves
29%
Raoul Silva
29%
Elektra King
21%
Elliot Carver
21%
Franz Sanchez
21%
Lyutsifer Safin
21%

Score Distribution

Percentile by Number Answered

Percent of People with Each Score

Your Score History

You have not taken this quiz